00366 a2200121 450000500170000002000190001704000080003608200160004410000360006024500900009626000430018630000150022920260129163732.0 a978-0443237355 bEng a621.314 FAN aFang, Jingyang. Liu, Jia and et aGrid-forming Converters: Principles, Control and Applications in Modern Power Systems aUnited States:bAcademic Press,c2025. avii, 309p;